000 00717nam a2200205Ia 4500
003 GCL
008 140319s9999 xx 000 0 ara d
040 _aGCL /
_cGCL
082 0 4 _a819
_bج ب
100 1 _aالجاحظ : ابوعثمان عمرو بن بحر محبوب
245 1 0 _aكتاب البرماصات والعرجان والعميان والجولان /
_cالجاحظ : ابوعثمان عمرو بن بحر محبوب
490 _aكتاب
_v0
650 0 4 _aالشعر العربى
650 0 4 _aالادب العربى
650 0 4 _aالنثر العربى
650 0 4 _aدواوين وقصائد
650 0 4 _aالبلاغة العربية
650 0 4 _aالمجموعات
942 _2ddc
_cBK
999 _c42080
_d42080